Statystyki dla Ciekawostki quiz #1 - Najpopularniejsze marki samochodów w Polsce

Kliknij tutaj aby rozwiązać quiz!

Ogólne statystyki

  • Ten quiz został rozwiązany 91 razy
  • Średni wynik to 13 z 20

Statystyki odpowiedzi

Marka samochoduLiczba rejestracji% Poprawnych
BMW23 225
93%
Audi26 024
88%
Mercedes21 339
83%
Toyota91 195
79%
Volkswagen33 924
79%
Ford12 111
78%
Opel9 523
78%
Skoda51 479
75%
Citroen5 701
71%
Renault18 221
71%
Hyundai26 931
70%
Peugeot8 792
68%
Kia36 081
63%
Nissan6 639
55%
Volvo12 542
53%
Mazda11 055
51%
Dacia17 845
49%
Suzuki8 415
30%
Lexus10 495
28%
Cupra8 782
13%

Rozkład punktacji

Percentyl według liczby udzielonych odpowiedzi

Procent ludzi z każdym wynikiem

Twoja historia wyników

Nie rozwiązałeś tego quizu